000 00614nam a22001697a 4500
003 OSt
005 20171010095441.0
008 120611t xxu||||| |||| 00| 0 eng d
040 _aMMSU
_cULS
100 _aTabulinar, Rhea A.
_910158
245 _aBioremediation potential of melanoides sp. on wastewater of cornick production in Paoay Ilocos Norte
_cRhea A. Tabulinar
260 _c2007
300 _axiii, 62 leaves
_c28 cm.
500 _aThesis (BS Environmental Science) -- Mariano Marcos State University-College of Arts and Sciences, Batac City
504 _aBibliography: leaf 48
942 _2ddc
_cTHEDIS
999 _c9553
_d9553